LEADER 01375nam2-2200421---450- 001 990002689420203316 005 20100825145608.0 010 $a1-84171-399-6 035 $a000268942 035 $aUSA01000268942 035 $a(ALEPH)000268942USA01 035 $a000268942 100 $a20051123d2005----km-y0itay0103----ba 101 $afre 102 $aGB 105 $a||||||||001yy 200 1 $aRuissellement et formation des sites préhistoriques$eréférentiel actualiste et exemples d'application au fossile$fArnaud Lenoble 210 $aOxford$cArchaeopress$d2005 215 $aII, 216 p.$cill.$d30 cm 225 2 $aBAR international series$v1363 410 0$1001000018484$aBAR international series$v1363 454 1$12001 461 1$1001-------$12001 606 0 $aArcheologia$xMetodologia 606 0 $aFossili 676 $a930.1028 700 1$aLENOBLE,$bArnaud$0592167 801 0$aIT$bsalbc$gISBD 912 $a990002689420203316 951 $aXI.5. Coll.12/ 77(X B Coll. 53/1363)$b180835 L.M.$cX B Coll.$d00128277 959 $aBK 969 $aUMA 979 $aVITALE$b90$c20051123$lUSA01$h1708 979 $aCOPAT1$b90$c20060412$lUSA01$h0918 979 $aPATRY$b90$c20100825$lUSA01$h1456 979 $aCHIARA$b90$c20160209$lUSA01$h0950 996 $aRuissellement et formation des sites préhistoriques$91003133 997 $aUNISA LEADER 00970nam0-22003011i-450 001 990008099960403321 005 20230512102849.0 010 $a88-19-10755-4 035 $a000809996 035 $aFED01000809996 035 $a(Aleph)000809996FED01 035 $a000809996 100 $a20050428d2005----km-y0itay50------ba 101 0 $aita 102 $aIT 105 $a--------001yy 200 1 $aPrincipi contabili italiani e internazionali$ecoordinato con la riforma societaria e fiscale. Aggiornato con le novità dei principi IAS, IFRS e OIC$fRoberto e Giorgio Moro Visconti 210 $aRoma$cBuffetti$d2005 215 $aXI, 545 p.$d24 cm 700 1$aMoro Visconti,$bRoberto$0105248 701 1$aMoro Visconti,$bGiorgio$0109322 801 0$aIT$bUNINA$gRICA$2UNIMARC 901 $aBK 912 $a990008099960403321 952 $aC2-P20-02-RA$b8678$fECA 959 $aECA 996 $aPrincipi contabili italiani e internazionali$9753816 997 $aUNINA